000 00273nam a22001217a 4500
999 _c534348
_d534348
040 _cMSOHAIL
082 _a923.55491
100 _aRao Rasheed
_99572
245 _aJu Mein Ney Deka
260 _aLahore
_bJamhori Publications
_cc2010
300 _a238;p
942 _2ddc
_cBK